| 000 | 02033nam a22003497a 4500 | ||
|---|---|---|---|
| 001 | 101000 | ||
| 003 | KnowledgeUnlatched | ||
| 005 | 20210303105244.0 | ||
| 006 | m o d | ||
| 007 | cr u|||||||||| | ||
| 008 | 210129p20172019ncu o u00| u eng d | ||
| 037 | _5BiblioBoard | ||
| 245 | 0 | 2 |
_aA Theory of Regret _cBrian Price. |
| 020 | _a9780822372394 | ||
| 029 | 1 | _ahttps://library.biblioboard.com/ext/api/media/b0765395-eb74-4c9f-aad6-0f5432c5b421/assets/thumbnail.jpg | |
| 040 |
_aScCtBLL _cScCtBLL |
||
| 100 | 1 |
_aPrice, Brian _eauthor. |
|
| 264 | 1 | _bDuke University Press, | |
| 300 | _a1 online resource (178 p.) | ||
| 506 | 0 |
_aAccess copy available to the general public. _fUnrestricted _2star |
|
| 520 | _aIn A THEORY OF REGRET Brian Price takes up regret as a useful political emotion and, surprisingly, as a way to understand bureaucracy. Drawing on the work of Hannah Arendt, Aristotle, and Heidegger, as well as examples from film, Price presents a philosophical reflection on the transformative qualities of regret insofar as it provides opportunities to re-evaluate our commitments and to recognize that we are judging ourselves and others differently. According to Price, the impersonality and indifference of bureaucracy is often seen as a structure to forestall regret; however, interacting with bureaucrats can be a pathway for thinking about how to redress past wrongs. | ||
| 588 | 0 | _aDescription based on print version record. | |
| 590 | _aKU Select 2017: Front list Collection | ||
| 650 | 7 |
_aPhilosophy / Political _2bisacsh |
|
| 650 | 0 | _aPhilosophy | |
| 655 | 0 | _aElectronic books. | |
| 758 |
_iIs found in: _aKnowledge Unlatched _1https://openresearchlibrary.org/module/2774bc74-146a-484f-a7ba-ab1d6a09bbfb |
||
| 856 | 4 | 0 |
_uhttps://openresearchlibrary.org/content/b0765395-eb74-4c9f-aad6-0f5432c5b421 _zView this content on Open Research Library. _70 |
| 999 |
_c25203 _d25203 |
||